Allestree, 1620 : a new almanack, or annuall calender, with a compendious prognostication thereunto appending, seruing for this yeare of our Lord, 1620, being bissextile or leape yeare : calculated and properly referred, to the longitude and sublimitie of the Pole Articke of the famous towne of Derby, & may serue generally, for the most part of Great Britaine /

Bibliographic Details
Main Author: Allestree, Richard, fl. 1617-1643
Format: eBook
Language:English
Published: [S.l. : publisher not identified, 1620]
Series:Early English books online.
Subjects:
Online Access:Connect to the full text of this electronic book

MARC

Tag First Indicator Second Indicator Subfields
LEADER 00000nam a2200000Ia 4500
001 in00004205331
005 20200806091021.0
006 m g d
007 cr bn |||a|bb|
008 900604s1620 xx a o 00| | eng d
035 |a (OCoLC)21680821 
040 |a EBL  |c EBL  |d WaOLN 
037 |a CL0036000052  |b ProQuest. 789 E. Eisenhower Parkway, Ann Arbor, MI 48108-3218 
043 |a e-uk--- 
090 |a AY751  |b .A44 1620 
049 |a UMIA 
100 1 |a Allestree, Richard,  |d fl. 1617-1643. 
245 1 0 |a Allestree, 1620 :  |b a new almanack, or annuall calender, with a compendious prognostication thereunto appending, seruing for this yeare of our Lord, 1620, being bissextile or leape yeare : calculated and properly referred, to the longitude and sublimitie of the Pole Articke of the famous towne of Derby, & may serue generally, for the most part of Great Britaine /  |c made ... by Richard Allestree ... 
260 |a [S.l. :  |b publisher not identified,  |c 1620] 
300 |a 1 online resource ([48] pages :  |b 1 illustrations. 
336 |a text  |b txt  |2 rdacontent 
337 |a computer  |b c  |2 rdamedia 
338 |a online resource  |b cr  |2 rdacarrier 
500 |a Signatures: A-C⁸. 
500 |a Title within ornamental border. 
500 |a Reproduction of original in the Bodleian Library. 
510 4 |a STC (2nd edition)  |c 407.3 
533 |a Electronic reproduction.  |b Ann Arbor, Mich. :  |c UMI,  |d 1999-  |f (Early English books online)  |n Digital version of: (Early English books, 1475-1640 ; 1761:14)  |7 s1999 miun s 
650 0 |a Almanacs, English. 
650 0 |a Astrology  |v Early works to 1800. 
650 0 |a Ephemerides  |v Early works to 1800. 
740 0 |a New almanack, or annuall calender, with a compendious prognostication thereunto appending, seruing for this yeare of our Lord, 1620. 
830 0 |a Early English books online. 
856 4 0 |u http://proxy.library.tamu.edu/login?url=https://search.proquest.com/docview/2240861883  |z Connect to the full text of this electronic book  |t 0 
999 f f |s 35f7dda4-cd57-3f77-947c-a1b424f06df1  |i 68a639fd-a95d-3c51-888c-a7cb0561476e  |t 0 
952 f f |a Texas A&M University  |b College Station  |c Electronic Resources  |d Available Online  |t 0  |e AY751 .A44 1620  |h Library of Congress classification 
998 f f |a AY751 .A44 1620  |t 0  |l Available Online